|
|
|
|
| LEADER |
00000nab a2200000 a 4500 |
| 001 |
vtls001504066 |
| 003 |
SK-MaSNL |
| 005 |
20260304013320.0 |
| 008 |
050227s1996 xo 000 0 eng |
| 035 |
|
|
|a SPKCL6393
|
| 040 |
|
|
|a SPKCL
|b slo
|c SNKBUCL
|d PdF UK(EJ)
|e AACR2
|
| 041 |
|
|
|a eng
|
| 044 |
|
|
|a xo
|c SK
|
| 080 |
|
|
|a 51:372.851
|2 1981
|
| 100 |
1 |
|
|a Švec, Marko,
|d 1919-2012
|4 aut
|9 208035
|
| 245 |
1 |
0 |
|a Nonoscillatory Property of the Linear Homogeneous and Nonhomogeneous Differential Equation of the Fourth Order
|c Marko Švec
|
| 520 |
|
|
|a Vzťah týkajúci sa neoscilatoričnosti homogénnej a nehomogénnej lineárnej samoadjungovanej diferenciálnej rovnice
|
| 655 |
|
7 |
|a BZB
|2 snkbucl
|9 1080216
|
| 773 |
1 |
|
|t Matematika IV,
|g Pedagogická fakulta Univerzity Komenského s. 11-18
|
| 850 |
|
|
|a Slovenská pedagogická knižnica Bratislava
|
| 852 |
|
|
|a SPKCL
|b KIS3GCP
|b 000710000
|n SK
|
| 999 |
|
|
|c 2575280
|d 2577210
|